<?xml version="1.0" encoding="UTF-8"?><?xml-stylesheet type="text/xsl" href="static/style.xsl"?><OAI-PMH xmlns="http://www.openarchives.org/OAI/2.0/" xmlns:xsi="http://www.w3.org/2001/XMLSchema-instance" xsi:schemaLocation="http://www.openarchives.org/OAI/2.0/ http://www.openarchives.org/OAI/2.0/OAI-PMH.xsd"><responseDate>2026-04-18T04:25:02Z</responseDate><request verb="GetRecord" identifier="oai:www.recercat.cat:2117/411173" metadataPrefix="marc">https://recercat.cat/oai/request</request><GetRecord><record><header><identifier>oai:recercat.cat:2117/411173</identifier><datestamp>2025-07-22T15:48:54Z</datestamp><setSpec>com_2072_1033</setSpec><setSpec>col_2072_452951</setSpec></header><metadata><record xmlns="http://www.loc.gov/MARC21/slim" xmlns:dcterms="http://purl.org/dc/terms/" xmlns:xsi="http://www.w3.org/2001/XMLSchema-instance" xmlns:doc="http://www.lyncode.com/xoai" xsi:schemaLocation="http://www.loc.gov/MARC21/slim http://www.loc.gov/standards/marcxml/schema/MARC21slim.xsd">
   <leader>00925njm 22002777a 4500</leader>
   <datafield ind2=" " ind1=" " tag="042">
      <subfield code="a">dc</subfield>
   </datafield>
   <datafield ind2=" " ind1=" " tag="720">
      <subfield code="a">Marchal Torres, Albert</subfield>
      <subfield code="e">author</subfield>
   </datafield>
   <datafield ind2=" " ind1=" " tag="260">
      <subfield code="c">2024-06-11</subfield>
   </datafield>
   <datafield ind2=" " ind1=" " tag="520">
      <subfield code="a">Este documento tiene como objetivo principal diseñar una propuesta didáctica para la enseñanza de tecnología en la ESO, utilizando ChatGPT como una herramienta integral en el proceso educativo. A través de esta iniciativa, se busca explorar cómo ChatGPT puede mejorar el proceso de enseñanza-aprendizaje, fomentar la motivación de los estudiantes y prepararlos para enfrentar los retos del mundo actual.&#xd;
En la era digital actual, la educación se enfrenta a desafíos y oportunidades únicas. Esta propuesta tiene como objetivo explorar y evaluar críticamente el potencial del ChatGPT, una herramienta innovadora diseñada para crear un cambio revolucionario en la vida de las&#xd;
personas, reduciendo el tiempo que necesitamos para tareas que la herramienta nos permite automatizar.&#xd;
Como sucedió otros avances tecnológicos en el pasado como las calculadoras, Wikipedia,... ChatGPT está encontrando cierta resistencia por parte de los profesores y de la comunidad educativa en general su uso en las aulas. Muchos consideraban que el uso de las calculadoras menguaba la capacidad de los estudiantes para hacer cálculos manualmente y entender los conceptos matemáticos de manera profunda.&#xd;
Sin embargo, con el tiempo se ha terminado reconociendo que las calculadoras podían ayudar en la resolución de problemas más complejos y en la comprensión de los conceptos matemáticos. Gracias a este ejemplo del pasado, podemos observar que siempre hay cierta resistencia a la aplicación de las nuevas tecnologías en el ámbito educativo, por el hecho de que podría afectar a las capacidades de los estudiantes y generar una dependencia a largo plazo con las IA.</subfield>
   </datafield>
   <datafield tag="653" ind2=" " ind1=" ">
      <subfield code="a">Àrees temàtiques de la UPC::Ensenyament i aprenentatge::TIC's aplicades a l'educació</subfield>
   </datafield>
   <datafield tag="653" ind2=" " ind1=" ">
      <subfield code="a">Education, Secondary</subfield>
   </datafield>
   <datafield tag="653" ind2=" " ind1=" ">
      <subfield code="a">Artificial intelligence</subfield>
   </datafield>
   <datafield tag="653" ind2=" " ind1=" ">
      <subfield code="a">Ensenyament secundari</subfield>
   </datafield>
   <datafield tag="653" ind2=" " ind1=" ">
      <subfield code="a">Intel·ligència artificial</subfield>
   </datafield>
   <datafield ind2="0" ind1="0" tag="245">
      <subfield code="a">Estudio del uso de ChatGPT en la enseñanza de la tecnología en secundaria</subfield>
   </datafield>
</record></metadata></record></GetRecord></OAI-PMH>